书目信息 |
| 题名: |
清代朴学与中国文学
|
|
| 作者: | 陈居渊 著 | |
| 分册: | ||
| 出版信息: | 南昌市 百花洲文艺出版社 2000 |
|
| 页数: | 419页 | |
| 开本: | 20cm | |
| 丛书名: | 中华学术与中国文学研究丛书 | |
| 单 册: | ||
| 中图分类: | I206.5 | |
| 科图分类: | ||
| 主题词: | 文学--中国 | |
| 电子资源: | ||
| ISBN: | 7-80647-044-1 | |
| 000 | 00717nam0 2200229 45 | |
| 001 | 0205211404 | |
| 005 | 20031219104055.9 | |
| 010 | @a7-80647-044-1@b精装@dCNY22.80 | |
| 100 | @a20020521d2000 km y0chiy0120 ea | |
| 101 | 0 | @achi |
| 105 | @a z 000yy | |
| 200 | 1 | @a清代朴学与中国文学@AQing Dai Pu Xue Yu Zhong Guo Wen Xue@f陈居渊著@FChen Ju Yuan Zhu |
| 210 | @a南昌市@c百花洲文艺出版社@d2000 | |
| 215 | @a419页@d20cm | |
| 225 | @a中华学术与中国文学研究丛书@f张岱年主编 | |
| 410 | @12001 @a中华学术与中国文学研究丛书 | |
| 410 | @1700 0@a张岱年@AZhang Dai Nian@4主编 | |
| 606 | 0 | @a文学@x中国 |
| 690 | @aI206.5@v4 | |
| 701 | 0 | @a陈居渊@4著 |
| 801 | @aCN@bTSTC@c20020521 | |
| 905 | @b310671-675@dI206.5@e12@f5 | |
| 清代朴学与中国文学/陈居渊著.-南昌市:百花洲文艺出版社,2000 |
| 419页;20cm.-(中华学术与中国文学研究丛书/张岱年主编) |
| ISBN 7-80647-044-1(精装):CNY22.80 |
| ● |
| 相关链接 |
|
|
|
|
正题名:清代朴学与中国文学
索取号:I206.5/12
 
预约/预借
| 序号 | 登录号 | 条形码 | 馆藏地/架位号 | 状态 | 备注 |
| 1 | 0310671 | 203106717 | 第二借阅区/ [索取号:I206.5/12] | 在馆 | |
| 2 | 0310672 | 203106726 | 第二借阅区/ [索取号:I206.5/12] | 在馆 | |
| 3 | 0310673 | 203106735 | 第二借阅区/ [索取号:I206.5/12] | 在馆 | |
| 4 | 0310674 | 203106744 | 第二借阅区/ [索取号:I206.5/12] | 在馆 | |
| 5 | 0310675 | 203106753 | 第一样本阅览室/ [索取号:I206.5/12] | 在馆 |